Statystyki dla Monarchie absolutne na świecie

Kliknij tutaj aby rozwiązać quiz!

Ogólne statystyki

  • Ten quiz został rozwiązany 19 razy
  • Średni wynik to 4 z 6

Statystyki odpowiedzi

L.p.Państwo% Poprawnych
1Arabia saudyjska
82%
4Katar
76%
2Brunei
65%
6Watykan
65%
5Oman
47%
3Eswatini
35%

Rozkład punktacji

Percentyl według liczby udzielonych odpowiedzi

Procent ludzi z każdym wynikiem

Twoja historia wyników

Nie rozwiązałeś tego quizu